States of Kenya - Statistics

General Stats
  • This quiz has been taken 15 times
  • The average score is 2 of 8
Answer Stats
State % Correct
Nairobi
82%
Coast
36%
Nyanza
27%
Rift Valley
27%
Central
18%
Eastern
18%
North Eastern
18%
Western
18%
No matching quizzes found
Score Distribution
Percent of People with Each Score
Percentile by Number Answered
Your Score History
You have not taken this quiz